000 00429pab a2200169 454500
008 180718b2010 xxu||||| |||| 00| 0 eng d
100 _aBhardwaj, amita Pandey
245 _aNeeded competencies for the teachers in the 21st century
260 _c2010
300 _ap.12-15, 19.
362 _a18 Oct
650 _aTeachers - 21st century
650 _aTeachers
773 _aUniversity News
908 _aN
909 _a89268
999 _c89268
_d89268